000 00310nam a22001337a 4500
008 210427b ||||| |||| 00| 0 eng d
041 _aeng
080 _a311
082 _a311
100 _a55
101 _aSTA
245 _aDecision Analysis for Petroleum Exploration
_cPaul D. Newendrop
942 _2udc
_cBK
999 _c56799
_d56799